Online
Catalog

VRML browsing & building cyberspace / (Record no. 1614)

MARC details
000 -CABECERA
campo de control de longitud fija 00785cam a2200229 a 4500
001 - NÚMERO DE CONTROL
campo de control 000001736
005 - FECHA Y HORA DE LA ÚLTIMA TRANSACCIÓN
campo de control 20200929145700.0
008 - DATOS DE LONGITUD FIJA--INFORMACIÓN GENERAL
campo de control de longitud fija 950724s1995 inua 001 0 eng
020 ## - NÚMERO INTERNACIONAL ESTÁNDAR DEL LIBRO
Número Internacional Estándar del Libro 1562054988
040 ## - FUENTE DE LA CATALOGACIÓN
Centro catalogador/agencia de origen DO-SdBNP
Centro/agencia transcriptor DLC
Centro/agencia modificador DLC
082 ## - NÚMERO DE LA CLASIFICACIÓN DECIMAL DEWEY
Número de clasificación 005.13
Número de documento/Ítem P473v
100 1# - ENTRADA PRINCIPAL--NOMBRE DE PERSONA
Nombre de persona Pesce, Mark
9 (RLIN) 5646
245 10 - MENCIÓN DE TÍTULO
Título VRML browsing & building cyberspace /
Mención de responsabilidad, etc. Mark Pesce ; Tim Berners-Lee.
246 3# - FORMA VARIANTE DE TÍTULO
Título propio/Titulo breve VRML browsing and building cyberspace
260 ## - PUBLICACIÓN, DISTRIBUCIÓN, ETC.
Lugar de publicación, distribución, etc. Indianapolis, Ind. :
Nombre del editor, distribuidor, etc. New Riders Pub.,
Fecha de publicación, distribución, etc. 1995.
300 ## - DESCRIPCIÓN FÍSICA
Extensión xxxiii, 424 p. :
Otras características físicas il. ;
Dimensiones 23 cm.
504 ## - NOTA DE BIBLIOGRAFÍA, ETC.
Nota de bibliografía, etc. Incluye referencias bibliográficas (p. [389]-391) e índice.
650 #4 - PUNTO DE ACCESO ADICIONAL DE MATERIA--TÉRMINO DE MATERIA
Término de materia o nombre geográfico como elemento de entrada Realidad virtual
9 (RLIN) 5647
650 #4 - PUNTO DE ACCESO ADICIONAL DE MATERIA--TÉRMINO DE MATERIA
Término de materia o nombre geográfico como elemento de entrada Vrml (lenguaje de programción para computadores)
9 (RLIN) 5648
910 ## - DATOS DE OPCIÓN DEL USUARIO (OCLC)
Datos de opción del usuario Catalogación por copia / LC
910 ## - DATOS DE OPCIÓN DEL USUARIO (OCLC)
Datos de opción del usuario WM
Holdings
Estado de retiro Estado de pérdida Restricciones de uso No para préstamo Código de colección Localización permanente Ubicación/localización actual Ubicación en estantería Fecha de adquisición Número de inventario Total de préstamos Signatura topográfica completa Código de barras Fecha visto por última vez Precio válido a partir de Tipo de ítem Koha
    Préstamo interno   Monografías: Libros y Folletos General General Depósito 20.08.2009 LF1   005.13 P473v 1736-10 25.06.2020 25.06.2020 Préstamo interno

Powered by Koha